| 000 | 00966na a2200289 4500 | ||
|---|---|---|---|
| 001 | 15701 | ||
| 003 | MIRAKIL | ||
| 005 | 20181213155113.0 | ||
| 008 | 161006b tu 000 0 | ||
| 020 | _a9757217174 | ||
| 035 | _a15701 | ||
| 040 |
_aMilas _btur _cTR-AnCHP |
||
| 041 | _atur | ||
| 082 |
_a346.0302642 1998 _bT53t 1999 |
||
| 090 | _a346.0302642 1998 T53t 1999 | ||
| 110 | _aTürkiye İnsan Hakları Vakfı (TİHV) | ||
| 245 |
_aTedavi ve rehabilitasyon merkezleri raporu _b1998 _cTürkiye İnsan Hakları Vakfı (TİHV) |
||
| 260 |
_aAnkara _bTürkiye İnsan Hakları Vakfı Yayınları _c1999 |
||
| 300 |
_a79 s. _btbl. grf. , res. _c22 sm. |
||
| 490 |
_aTİHV yayınları _v19 |
||
| 650 |
_aİşkence _xRehabilitasyon |
||
| 650 |
_aİşkence _xFiziksel rahatsızlıklar |
||
| 650 |
_aİşkence _xRaporlar _zTürkiye |
||
| 650 |
_aİnsan hakları ihlali _xRaporlar _zTürkiye |
||
| 650 |
_aİnsan hakları _xRaporlar _zTürkiye |
||
| 942 |
_2ddc _cBKS |
||
| 999 |
_c6623 _d6623 |
||